000 00313nam a22001337a 4500
008 181023b xxu||||| |||| 00| 0 eng d
020 _a9781590708125
041 _aeng
080 _a370
100 _a48
101 _aedu
245 _aFoundations Family And Consumer Sciences
_cKato.SH.l
942 _2udc
_cBK
999 _c50753
_d50753